000
00328nam a22001457a 4500
008
221117b ||||| |||| 00| 0 eng d
020
_a
9781567932928
041
_a
eng
080
_2
second edition
_a
61
082
_a
61FLE
100
_a
4
101
_a
MJK
245
_a
MANAGERIAL EPIDEMIOLOGY
_c
FLEMING S
942
_2
udc
_c
BK
999
_c
58920
_d
58920